<?xml version="1.0" encoding="UTF-8"?>
<collection xmlns="http://www.loc.gov/MARC21/slim">
<record>
  <controlfield tag="001">119889</controlfield>
  <controlfield tag="005">20240319081015.0</controlfield>
  <datafield tag="024" ind1="7" ind2=" ">
    <subfield code="2">doi</subfield>
    <subfield code="a">10.3390/su141711025</subfield>
  </datafield>
  <datafield tag="024" ind1="8" ind2=" ">
    <subfield code="2">sideral</subfield>
    <subfield code="a">130600</subfield>
  </datafield>
  <datafield tag="037" ind1=" " ind2=" ">
    <subfield code="a">ART-2022-130600</subfield>
  </datafield>
  <datafield tag="041" ind1=" " ind2=" ">
    <subfield code="a">eng</subfield>
  </datafield>
  <datafield tag="100" ind1=" " ind2=" ">
    <subfield code="a">Calavia, María Belén</subfield>
    <subfield code="u">Universidad de Zaragoza</subfield>
    <subfield code="0">(orcid)0000-0003-2223-277X</subfield>
  </datafield>
  <datafield tag="245" ind1=" " ind2=" ">
    <subfield code="a">Improving design project management in remote learning</subfield>
  </datafield>
  <datafield tag="260" ind1=" " ind2=" ">
    <subfield code="c">2022</subfield>
  </datafield>
  <datafield tag="506" ind1="0" ind2=" ">
    <subfield code="a">Access copy available to the general public</subfield>
    <subfield code="f">Unrestricted</subfield>
  </datafield>
  <datafield tag="520" ind1="3" ind2=" ">
    <subfield code="a">Design Thinking has the potential to train the soft skills of preservice teachers who will need to continuously design their future towards sustainable education. However, Design Thinking is intrinsically complex, and managing its learning and projects with large groups is not straightforward, especially in remote situations such as COVID-19. From collaborative work among disciplines, this study introduces a Design Thinking-based board to improve the implementation and management of remote design projects. This board was applied with university-level preservice teachers who worked in teams to design instructional materials for preschool. We assessed the perception of the usefulness of the board by the preservice teachers and the teachers responsible for their training, using mixed methods in two consecutive courses. The board was perceived as helpful in developing design projects and improving collaborative learning. It was beneficial for the management, monitoring, and communication, enriching the project process and outcomes. From the achieved learning, we provide guidelines for designing and using these boards to aid educators and researchers in integrating Design Thinking and developing practical and sustainable solutions. This study contributes to the natural integration of Design Thinking and technology in preservice teachers’ education with a replicable and flexible process, improving the quality of education for future generations.</subfield>
  </datafield>
  <datafield tag="536" ind1=" " ind2=" ">
    <subfield code="9">info:eu-repo/grantAgreement/ES/DGA/T27-17R</subfield>
    <subfield code="9">info:eu-repo/grantAgreement/ES/MINECO/PTQ2018-010045</subfield>
  </datafield>
  <datafield tag="540" ind1=" " ind2=" ">
    <subfield code="9">info:eu-repo/semantics/openAccess</subfield>
    <subfield code="a">by</subfield>
    <subfield code="u">http://creativecommons.org/licenses/by/3.0/es/</subfield>
  </datafield>
  <datafield tag="590" ind1=" " ind2=" ">
    <subfield code="a">3.9</subfield>
    <subfield code="b">2022</subfield>
  </datafield>
  <datafield tag="591" ind1=" " ind2=" ">
    <subfield code="a">ENVIRONMENTAL SCIENCES</subfield>
    <subfield code="b">114 / 275 = 0.415</subfield>
    <subfield code="c">2022</subfield>
    <subfield code="d">Q2</subfield>
    <subfield code="e">T2</subfield>
  </datafield>
  <datafield tag="591" ind1=" " ind2=" ">
    <subfield code="a">ENVIRONMENTAL STUDIES</subfield>
    <subfield code="b">48 / 128 = 0.375</subfield>
    <subfield code="c">2022</subfield>
    <subfield code="d">Q2</subfield>
    <subfield code="e">T2</subfield>
  </datafield>
  <datafield tag="591" ind1=" " ind2=" ">
    <subfield code="a">GREEN &amp; SUSTAINABLE SCIENCE &amp; TECHNOLOGY</subfield>
    <subfield code="b">34 / 46 = 0.739</subfield>
    <subfield code="c">2022</subfield>
    <subfield code="d">Q3</subfield>
    <subfield code="e">T3</subfield>
  </datafield>
  <datafield tag="591" ind1=" " ind2=" ">
    <subfield code="a">GREEN &amp; SUSTAINABLE SCIENCE &amp; TECHNOLOGY</subfield>
    <subfield code="b">5 / 9 = 0.556</subfield>
    <subfield code="c">2022</subfield>
    <subfield code="d">Q3</subfield>
    <subfield code="e">T2</subfield>
  </datafield>
  <datafield tag="592" ind1=" " ind2=" ">
    <subfield code="a">0.664</subfield>
    <subfield code="b">2022</subfield>
  </datafield>
  <datafield tag="593" ind1=" " ind2=" ">
    <subfield code="a">Geography, Planning and Development</subfield>
    <subfield code="c">2022</subfield>
    <subfield code="d">Q1</subfield>
  </datafield>
  <datafield tag="593" ind1=" " ind2=" ">
    <subfield code="a">Energy Engineering and Power Technology</subfield>
    <subfield code="c">2022</subfield>
    <subfield code="d">Q2</subfield>
  </datafield>
  <datafield tag="593" ind1=" " ind2=" ">
    <subfield code="a">Environmental Science (miscellaneous)</subfield>
    <subfield code="c">2022</subfield>
    <subfield code="d">Q2</subfield>
  </datafield>
  <datafield tag="593" ind1=" " ind2=" ">
    <subfield code="a">Renewable Energy, Sustainability and the Environment</subfield>
    <subfield code="c">2022</subfield>
    <subfield code="d">Q2</subfield>
  </datafield>
  <datafield tag="593" ind1=" " ind2=" ">
    <subfield code="a">Hardware and Architecture</subfield>
    <subfield code="c">2022</subfield>
    <subfield code="d">Q2</subfield>
  </datafield>
  <datafield tag="593" ind1=" " ind2=" ">
    <subfield code="a">Management, Monitoring, Policy and Law</subfield>
    <subfield code="c">2022</subfield>
    <subfield code="d">Q2</subfield>
  </datafield>
  <datafield tag="593" ind1=" " ind2=" ">
    <subfield code="a">Computer Networks and Communications</subfield>
    <subfield code="c">2022</subfield>
    <subfield code="d">Q2</subfield>
  </datafield>
  <datafield tag="594" ind1=" " ind2=" ">
    <subfield code="a">5.8</subfield>
    <subfield code="b">2022</subfield>
  </datafield>
  <datafield tag="655" ind1=" " ind2="4">
    <subfield code="a">info:eu-repo/semantics/article</subfield>
    <subfield code="v">info:eu-repo/semantics/publishedVersion</subfield>
  </datafield>
  <datafield tag="700" ind1=" " ind2=" ">
    <subfield code="a">Blanco, Teresa</subfield>
    <subfield code="u">Universidad de Zaragoza</subfield>
    <subfield code="0">(orcid)0000-0002-1831-3342</subfield>
  </datafield>
  <datafield tag="700" ind1=" " ind2=" ">
    <subfield code="a">Casas, Roberto</subfield>
    <subfield code="u">Universidad de Zaragoza</subfield>
    <subfield code="0">(orcid)0000-0001-5316-8171</subfield>
  </datafield>
  <datafield tag="700" ind1=" " ind2=" ">
    <subfield code="a">Dieste, Belén</subfield>
    <subfield code="u">Universidad de Zaragoza</subfield>
    <subfield code="0">(orcid)0000-0002-7262-896X</subfield>
  </datafield>
  <datafield tag="710" ind1="2" ind2=" ">
    <subfield code="1">5008</subfield>
    <subfield code="2">785</subfield>
    <subfield code="a">Universidad de Zaragoza</subfield>
    <subfield code="b">Dpto. Ingeniería Electrón.Com.</subfield>
    <subfield code="c">Área Tecnología Electrónica</subfield>
  </datafield>
  <datafield tag="710" ind1="2" ind2=" ">
    <subfield code="1">4001</subfield>
    <subfield code="2">215</subfield>
    <subfield code="a">Universidad de Zaragoza</subfield>
    <subfield code="b">Dpto. Ciencias de la Educación</subfield>
    <subfield code="c">Área Didáctica y Organiz. Esc.</subfield>
  </datafield>
  <datafield tag="710" ind1="2" ind2=" ">
    <subfield code="1">3001</subfield>
    <subfield code="2">193</subfield>
    <subfield code="a">Universidad de Zaragoza</subfield>
    <subfield code="b">Dpto. Expres.Music.Plást.Corp.</subfield>
    <subfield code="c">Área Didáctica Expr.Plástica</subfield>
  </datafield>
  <datafield tag="773" ind1=" " ind2=" ">
    <subfield code="g">14, 17 (2022), 11025</subfield>
    <subfield code="p">Sustainability (Basel)</subfield>
    <subfield code="t">Sustainability (Switzerland)</subfield>
    <subfield code="x">2071-1050</subfield>
  </datafield>
  <datafield tag="856" ind1="4" ind2=" ">
    <subfield code="s">3545570</subfield>
    <subfield code="u">http://zaguan.unizar.es/record/119889/files/texto_completo.pdf</subfield>
    <subfield code="y">Versión publicada</subfield>
  </datafield>
  <datafield tag="856" ind1="4" ind2=" ">
    <subfield code="s">2690028</subfield>
    <subfield code="u">http://zaguan.unizar.es/record/119889/files/texto_completo.jpg?subformat=icon</subfield>
    <subfield code="x">icon</subfield>
    <subfield code="y">Versión publicada</subfield>
  </datafield>
  <datafield tag="909" ind1="C" ind2="O">
    <subfield code="o">oai:zaguan.unizar.es:119889</subfield>
    <subfield code="p">articulos</subfield>
    <subfield code="p">driver</subfield>
  </datafield>
  <datafield tag="951" ind1=" " ind2=" ">
    <subfield code="a">2024-03-18-15:35:44</subfield>
  </datafield>
  <datafield tag="980" ind1=" " ind2=" ">
    <subfield code="a">ARTICLE</subfield>
  </datafield>
</record>
</collection>